Central Library OPAC University of Rajshahi

প্রাচীন বিশ্বসাহিত্য / (Record no. 49318)

MARC details
000 -LEADER
fixed length control field 00993nam a2200229 a 4500
001 - CONTROL NUMBER
control field 49318
003 - CONTROL NUMBER IDENTIFIER
rucl marc code BD-RjUL
005 - DATE AND TIME OF LATEST TRANSACTION
control field 20230716110008.0
008 - FIXED-LENGTH DATA ELEMENTS--GENERAL INFORMATION
fixed length control field 160820s1975 ii ||||| |||| 00| 0 ben d
035 ## - SYSTEM CONTROL NUMBER
System control number (BD-RjUL)49437
040 ## - CATALOGING SOURCE
Original cataloging agency BD-RjUL
Language of cataloging ben
Transcribing agency BD-RjUL
041 ## - LANGUAGE CODE
Language code of text/sound track or separate title ben
082 ## - DEWEY DECIMAL CLASSIFICATION NUMBER
Edition number 23
Classification number 809
Author mark and year VHP 1976
100 ## - MAIN ENTRY--PERSONAL NAME
Personal name ভট্টাচার্য, নরেন্দ্রনাথ
9 (RLIN) 124243
245 10 - TITLE STATEMENT
Title প্রাচীন বিশ্বসাহিত্য /
Statement of responsibility, etc. নরেন্দ্রনাথ ভট্টাচার্য
260 ## - PUBLICATION, DISTRIBUTION, ETC. (IMPRINT)
Place of publication, distribution, etc. কলিকাতা :
Name of publisher, distributor, etc. সাহিত্য সংসদ,
Date of publication, distribution, etc. ১৯৭৫,১৯৭৬
300 ## - PHYSICAL DESCRIPTION
Pagination ৪৩০ পৃ.;
Size ২১ সেমি.
504 ## - BIBLIOGRAPHY, ETC. NOTE
Bibliography, etc বিষয়সূচি ও শুদ্ধিপত্র সংযুক্ত
650 ## - SUBJECT ADDED ENTRY--TOPICAL TERM
Topical term or geographic name as entry element বিশ্ব সাহিত্য
Form subdivision ইতিহাস ও সমালোচনা
9 (RLIN) 148132
Topical term or geographic name as entry element World Literature
Form subdivision History and Criticism
9 (RLIN) 148133
942 ## - ADDED ENTRY ELEMENTS (KOHA)
Source of classification or shelving scheme Dewey Decimal Classification
Koha item type Books
Holdings
Lost status Source of classification or shelving scheme Damaged status Not for loan Collection code Permanent Location Current Location Shelving location Date acquired Source of acquisition Cost, normal purchase price Total Checkouts Full call number Date last seen Date checked out Copy number Koha item type
  Dewey Decimal Classification     Non-fiction Central Library, University of Rajshahi Central Library, University of Rajshahi General Stacks 08/03/1984 Tulip Interprise 25.00 3 B 809 VHP 1975 21/08/2024 06/06/2024 C-2 Books
  Dewey Decimal Classification   Not For Loan Non-fiction Central Library, University of Rajshahi Central Library, University of Rajshahi Reading Room 08/03/1984 Tulip Enterprise 25.00   B 809 VHP 1976 21/03/2022   C-1 Books
  Dewey Decimal Classification     Non-fiction Central Library, University of Rajshahi Central Library, University of Rajshahi General Stacks 04/11/1978 India International 6.50 1 B 809 VHP 1976 31/10/2024 28/10/2024 C-3 Books